| 000 | 01310nam a2200229Ii 4500 | ||
|---|---|---|---|
| 003 | JO-AjNU | ||
| 008 | 230605s9999||||xx |||||||||||||| ||und|| | ||
| 017 | _a2012/10/3898 | ||
| 020 | _a978-1-56564-613-1 | ||
| 040 |
_aJO-AjNU _bara _erda _cJO-AjNU |
||
| 041 | _aara | ||
| 050 | 1 | 4 | _aHB3722.A963.2012 |
| 100 | 3 |
_aالمؤتمر العلمي الدولي حول الأزمة الاقتصادية العالمية المعاصرة من منظور إسلامي ؛تحرير:احمد فراس العوران, _eauthor _945564 |
|
| 245 | 0 | 0 | _aالأزمة الاقتصادية العالمية المعاصرة من منظور اسلامي |
| 250 | _aط1 | ||
| 264 | 3 | 1 | _aعمان:المعهد العالمي للفكر الاسلامي،2012 |
| 300 |
_a542ص _bيضم الكتاب البحوث والدراسات التي نوقشت في المؤتمر العلمي الدولي الذي نظمه المعهد العالمي للفكر الإسلامي بالتعاون مع جامعة العلوم الإسلامية |
||
| 336 |
_atext _btxt _2rdacontent |
||
| 337 |
_aunmediated _bn _2rdamedia |
||
| 338 |
_avolume _bnc _2rdacarrier |
||
| 650 | 4 |
_aالأزمات الاقتصادية -- مؤتمرات ، الأزمة المالية العالمية، 2008-2009،الاقتصاد الإسلامي _945565 |
|
| 999 |
_aA19761 _c23329 _d23329 |
||